[Event "NED-ch Blitz Final"]
[Site "Rotterdam"]
[Date "2023.09.09"]
[Round "1"]
[White "Admiraal, Miguoel"]
[Black "Lai, Hing Ting"]
[Result "0-1"]
[WhiteElo "2481"]
[BlackElo "2463"]
[PlyCount "90"]
[EventDate "2023.09.09"]
[EventType "tourn (blitz)"]
[EventRounds "11"]
[EventCountry "NED"]
[EventCategory "9"]
[SourceTitle "EXT 2024"]
[Source "ChessBase"]
[SourceDate "2023.10.10"]
[SourceVersion "1"]
[SourceVersionDate "2023.10.10"]
[SourceQuality "1"]

1. e4 c6 2. d4 d5 3. exd5 cxd5 4. c3 Nc6 5. Nf3 Bg4 6. Qb3 Qd7 7. Ne5 Nxe5 8. dxe5 a6 9. c4 d4 10. Bd3 e6 11. Nd2 Ne7 12. 0-0 Nc6 13. f4 Be7 14. a3 a5 15. Qc2 Bf5 16. Bxf5 exf5 17. Qd3 0-0 18. Nf3 g6 19. b3 Bc5 20. Bb2 Nd8 21. Kh1 Ne6 22. g3 Rfd8 23. Rfd1 Qc6 24. Kg2 Rab8 25. h4 h5 26. Kh2 b5 27. Rac1 bxc4 28. Rxc4 Qd5 29. Nd2 Be7 30. Ba1 Bxa3 31. Nf3 Nc5 32. Qf1 Nxb3 33. Bxd4 Bc5 34. e6 Qxe6 35. Rxc5 Nxc5 36. Bxc5 Qb3 37. Rxd8+ Rxd8 38. Kh3 Rd3 39. Qe2 Rxf3 40. Qe8+ Kh7 41. Bd4 Rxg3+ 42. Kh2 Rh3+ 43. Kg1 Qd1+ 44. Kg2 Qf3+ 45. Kg1 Rh1# 0-1

[Event "NED-ch Blitz Final"]
[Site "Rotterdam"]
[Date "2023.09.09"]
[Round "2"]
[White "Lombaers, Peter"]
[Black "Admiraal, Miguoel"]
[Result "0-1"]
[WhiteElo "2372"]
[BlackElo "2481"]
[PlyCount "73"]
[EventDate "2023.09.09"]
[EventType "tourn (blitz)"]
[EventRounds "11"]
[EventCountry "NED"]
[EventCategory "9"]
[SourceTitle "EXT 2024"]
[Source "ChessBase"]
[SourceDate "2023.10.10"]
[SourceVersion "1"]
[SourceVersionDate "2023.10.10"]
[SourceQuality "1"]

1. d4 d5 2. c4 c6 3. Nc3 Nf6 4. e3 a6 5. Nf3 Bf5 6. cxd5 cxd5 7. Qb3 b5 8. Nh4 Bc8 9. Bd3 e6 10. Nf3 Nc6 11. 0-0 Bb7 12. Bd2 Bd6 13. Rfc1 0-0 14. a3 Na5 15. Qd1 Nc4 16. Rc2 Qe7 17. Na2 Rfc8 18. Bb4 a5 19. Bxd6 Qxd6 20. Nc1 h6 21. Nb3 Nd7 22. Rac1 b4 23. Bxc4 dxc4 24. Rxc4 Rxc4 25. Rxc4 Bd5 26. Rc1 bxa3 27. bxa3 Qxa3 28. Nc5 Nxc5 29. dxc5 Rc8 30. Qc2 a4 31. Nd4 Qb4 32. c6 a3 33. c7 a2 34. h3 Qa5 35. Ra1 Rxc7 36. Qb2 Qc3 37. Qxc3 0-1

[Event "NED-ch Blitz Final"]
[Site "Rotterdam"]
[Date "2023.09.09"]
[Round "10"]
[White "Van Arkel, Rogier"]
[Black "Admiraal, Miguoel"]
[Result "0-1"]
[WhiteElo "2204"]
[BlackElo "2481"]
[PlyCount "61"]
[EventDate "2023.09.09"]
[EventType "tourn (blitz)"]
[EventRounds "11"]
[EventCountry "NED"]
[EventCategory "9"]
[SourceTitle "EXT 2024"]
[Source "ChessBase"]
[SourceDate "2023.10.10"]
[SourceVersion "1"]
[SourceVersionDate "2023.10.10"]
[SourceQuality "1"]

1. b3 e5 2. Bb2 Nc6 3. e3 Nf6 4. Bb5 Bd6 5. Na3 e4 6. Bxc6 bxc6 7. Nc4 Be7 8. f3 0-0 9. fxe4 Nxe4 10. Nf3 Qe8 11. 0-0 d5 12. Nce5 f6 13. Nd3 c5 14. Nf4 c6 15. d3 Ng5 16. Nxg5 fxg5 17. Ne2 Bg4 18. Qd2 Bd6 19. Rxf8+ Qxf8 20. Rf1 Qe7 21. e4 Re8 22. Ng3 Bf4 23. Qc3 Be3+ 24. Kh1 Bd4 25. Qd2 Bxb2 26. c3 Ba3 27. h3 Be6 28. e5 g4 29. Qf4 gxh3 30. gxh3 Rf8 31. Qf3 0-1

[Event "Kavala op 32nd"]
[Site "Kavala"]
[Date "2023.08.03"]
[Round "8"]
[White "Laxman, Rajaram"]
[Black "Admiraal, Miguoel"]
[Result "1/2-1/2"]
[WhiteElo "2349"]
[BlackElo "2481"]
[PlyCount "50"]
[EventDate "2023.07.28"]
[EventType "swiss"]
[EventRounds "9"]
[EventCountry "GRE"]
[SourceTitle "CBM 215 Extra"]
[Source "ChessBase"]
[SourceDate "2023.09.30"]
[SourceVersion "1"]
[SourceVersionDate "2023.09.30"]
[SourceQuality "1"]

1. d4 d5 2. Nf3 Nf6 3. c4 c6 4. e3 Bf5 5. Bd3 Bg6 6. Qc2 e6 7. 0-0 Nbd7 8. Nbd2 Be7 9. Bxg6 hxg6 10. e4 dxe4 11. Nxe4 Qa5 12. Ng3 0-0 13. Bd2 Qc7 14. Rfe1 Rfe8 15. Bc3 c5 16. Rac1 cxd4 17. Bxd4 Rac8 18. b3 Ba3 19. Bb2 Bxb2 20. Qxb2 Nc5 21. Qc3 Red8 22. Ne5 Ncd7 23. Nd3 Nc5 24. Ne5 Ncd7 25. Nd3 Nc5 1/2-1/2

[Event "Kavala op 32nd"]
[Site "Kavala"]
[Date "2023.08.02"]
[Round "7"]
[White "Admiraal, Miguoel"]
[Black "Koutlas, Nikolaos"]
[Result "1/2-1/2"]
[WhiteElo "2481"]
[BlackElo "2332"]
[PlyCount "92"]
[EventDate "2023.07.28"]
[EventType "swiss"]
[EventRounds "9"]
[EventCountry "GRE"]
[SourceTitle "CBM 215 Extra"]
[Source "ChessBase"]
[SourceDate "2023.09.30"]
[SourceVersion "1"]
[SourceVersionDate "2023.09.30"]
[SourceQuality "1"]

1. Nf3 g6 2. e4 Bg7 3. d4 d6 4. Nc3 a6 5. Be2 Nf6 6. 0-0 0-0 7. Be3 b5 8. e5 Ng4 9. Bg5 h6 10. Bh4 dxe5 11. Nxe5 Nxe5 12. dxe5 Bb7 13. f4 Nc6 14. Bf3 Qc8 15. Nd5 Re8 16. c3 e6 17. Nf6+ Bxf6 18. Bxf6 Ne7 19. Qe1 Kh7 20. Rd1 Bd5 21. Qh4 Nf5 22. Qh3 Qb7 23. g4 Qb6+ 24. Rf2 Ne3 25. Rd3 Bxf3 26. Qxf3 Nd5 27. Bh4 Rg8 28. Kh1 Qc6 29. Qe4 Qc4 30. Qxc4 bxc4 31. Rd4 g5 32. fxg5 hxg5 33. Bg3 Kg6 34. Rxc4 Rgd8 35. Rd2 Ne3 36. Rcd4 Rxd4 37. Rxd4 c5 38. Re4 Nd1 39. Rc4 Rd8 40. Rxc5 Ne3 41. Kg1 Rd2 42. Ra5 Rg2+ 43. Kh1 Rxb2 44. Kg1 Rg2+ 45. Kh1 Rc2 46. Kg1 Rg2+ 1/2-1/2

[Event "BEL-chT 2122"]
[Site "Belgium"]
[Date "2022.03.27"]
[Round "10.2"]
[White "Pruijssers, Roeland"]
[Black "Admiraal, Miguoel"]
[Result "1-0"]
[WhiteElo "2565"]
[BlackElo "2472"]
[PlyCount "82"]
[EventDate "2021.10.24"]
[EventType "team-tourn"]
[EventRounds "11"]
[EventCountry "BEL"]
[SourceTitle "EXT 2023"]
[Source "ChessBase"]
[SourceDate "2022.10.05"]
[SourceVersion "1"]
[SourceVersionDate "2022.10.05"]
[SourceQuality "1"]
[WhiteTeam "KSK Rochade"]
[BlackTeam "Wachtebeke"]
[WhiteTeamCountry "BEL"]
[BlackTeamCountry "BEL"]

1. d4 d5 2. Nf3 Nf6 3. Bf4 c5 4. e3 Nc6 5. Nbd2 e6 6. c3 Be7 7. h3 Bd6 8. Ne5 Qc7 9. Ndf3 cxd4 10. exd4 Nd7 11. Bb5 f6 12. Nxd7 Bxf4 13. Nc5 0-0 14. 0-0 Bd6 15. b4 Ne7 16. Rc1 e5 17. c4 a6 18. Ba4 dxc4 19. dxe5 Bxe5 20. Nxe5 fxe5 21. Bd7 b5 22. Bxc8 Qxc8 23. Qd6 Nc6 24. Qd5+ Kh8 25. a3 Rd8 26. Qe4 a5 27. Rfd1 Rd4 28. Rxd4 exd4 29. a4 axb4 30. axb5 Na5 31. Qxd4 Rb8 32. Re1 Rxb5 33. Re7 Qf8 34. Qe4 Rxc5 35. Re8 Rc8 36. Rxf8+ Rxf8 37. Qe7 Rc8 38. Qxb4 c3 39. Qg4 Rc4 40. Qf5 h6 41. Qxa5 Rc8 1-0

[Event "BEL-chT 2122"]
[Site "Belgium"]
[Date "2022.03.13"]
[Round "9.2"]
[White "Admiraal, Miguoel"]
[Black "Vandenbussche, Thibaut"]
[Result "1/2-1/2"]
[WhiteElo "2472"]
[BlackElo "2413"]
[PlyCount "66"]
[EventDate "2021.10.24"]
[EventType "team-tourn"]
[EventRounds "11"]
[EventCountry "BEL"]
[SourceTitle "EXT 2023"]
[Source "ChessBase"]
[SourceDate "2022.10.05"]
[SourceVersion "1"]
[SourceVersionDate "2022.10.05"]
[SourceQuality "1"]
[WhiteTeam "Wachtebeke"]
[BlackTeam "KBSK Brugge"]
[WhiteTeamCountry "BEL"]
[BlackTeamCountry "BEL"]

1. e4 e6 2. d4 d5 3. Nd2 c5 4. exd5 Qxd5 5. dxc5 Nf6 6. Ngf3 Qxc5 7. c3 Be7 8. Bd3 Nbd7 9. 0-0 Qc7 10. Re1 0-0 11. Qe2 Nc5 12. Bc2 b6 13. Ne5 Ba6 14. c4 Ncd7 15. Ndf3 Rac8 16. b3 Nxe5 17. Nxe5 Bb4 18. Bg5 Bxe1 19. Bxf6 gxf6 20. Qg4+ Kh8 21. Qh4 Bxf2+ 22. Kxf2 f5 23. Qf6+ Kg8 24. Qg5+ Kh8 25. Qf6+ Kg8 26. Rd1 Rfd8 27. Nxf7 Qf4+ 28. Ke2 Bxc4+ 29. bxc4 Qxc4+ 30. Bd3 Qg4+ 31. Ke1 Qb4+ 32. Ke2 Qg4+ 33. Ke1 Qb4+ 1/2-1/2

[Event "EU-Cup Online Gr-B"]
[Site "Tornelo INT"]
[Date "2021.03.28"]
[Round "9.2"]
[White "Admiraal, Miguoel"]
[Black "Bagheri, Amir"]
[Result "1-0"]
[WhiteElo "2475"]
[BlackElo "2348"]
[PlyCount "35"]
[EventDate "2021.03.27"]
[EventType "team-tourn (rapid)"]
[EventRounds "9"]
[EventCountry "NET"]
[SourceTitle "CBM 201 Extra"]
[Source "ChessBase"]
[SourceDate "2021.05.31"]
[SourceVersion "1"]
[SourceVersionDate "2021.05.31"]
[SourceQuality "1"]
[WhiteTeam "Wachtebeke De Pluspion"]
[BlackTeam "Monte Carlo"]
[WhiteTeamCountry "BEL"]
[BlackTeamCountry "MNC"]

1. d4 Nf6 2. Bg5 e6 3. e4 h6 4. Bxf6 Qxf6 5. c3 d6 6. Bd3 g6 7. Ne2 e5 8. 0-0 Bg7 9. f4 exd4 10. cxd4 Bg4 11. Qa4+ Nd7 12. Nbc3 Bxe2 13. Nxe2 Qe7 14. f5 0-0 15. fxg6 fxg6 16. Nf4 Nb6 17. Qb3+ Qf7 18. Ne6 1-0

[Event "EU-Cup Online Gr-B"]
[Site "Tornelo INT"]
[Date "2021.03.28"]
[Round "7.2"]
[White "Solcan, Martin"]
[Black "Admiraal, Miguoel"]
[Result "0-1"]
[WhiteElo "2076"]
[BlackElo "2475"]
[PlyCount "48"]
[EventDate "2021.03.27"]
[EventType "team-tourn (rapid)"]
[EventRounds "9"]
[EventCountry "NET"]
[SourceTitle "CBM 201 Extra"]
[Source "ChessBase"]
[SourceDate "2021.05.31"]
[SourceVersion "1"]
[SourceVersionDate "2021.05.31"]
[SourceQuality "1"]
[WhiteTeam "Levice Lions"]
[BlackTeam "Wachtebeke De Pluspion"]
[WhiteTeamCountry "SVK"]
[BlackTeamCountry "BEL"]

1. g3 d5 2. Bg2 e5 3. c4 d4 4. d3 Nc6 5. Nf3 Bb4+ 6. Bd2 a5 7. 0-0 Be7 8. a3 Nf6 9. Bg5 Nd7 10. Bxe7 Qxe7 11. Nbd2 Nc5 12. Rb1 0-0 13. Re1 a4 14. Qc2 Bf5 15. Nh4 Bd7 16. e3 dxe3 17. Rxe3 Nd4 18. Qc3 Qd6 19. Nhf3 f6 20. Ne4 Nxe4 21. Rxe4 Bc6 22. Nxd4 Bxe4 23. Ne6 Bxg2 24. Nxf8 Bc6 0-1

[Event "EU-Cup Online Gr-B"]
[Site "Tornelo INT"]
[Date "2021.03.27"]
[Round "2.2"]
[White "Admiraal, Miguoel"]
[Black "Agrest, Inna"]
[Result "1-0"]
[WhiteElo "2475"]
[BlackElo "2285"]
[PlyCount "117"]
[EventDate "2021.03.27"]
[EventType "team-tourn (rapid)"]
[EventRounds "9"]
[EventCountry "NET"]
[SourceTitle "CBM 201 Extra"]
[Source "ChessBase"]
[SourceDate "2021.05.31"]
[SourceVersion "1"]
[SourceVersionDate "2021.05.31"]
[SourceQuality "1"]
[WhiteTeam "Wachtebeke De Pluspion"]
[BlackTeam "Pelaro Alingsas"]
[WhiteTeamCountry "BEL"]
[BlackTeamCountry "SWE"]

1. d4 Nf6 2. Bg5 c5 3. d5 Qb6 4. Nc3 g6 5. e4 d6 6. Bb5+ Bd7 7. a4 a6 8. a5 Qc7 9. Be2 Bg7 10. Nf3 0-0 11. Nd2 b5 12. axb6 Qxb6 13. Nc4 Qc7 14. 0-0 Ra7 15. Qd2 Bb5 16. Ra2 Nbd7 17. Rfa1 Bxc4 18. Bxc4 Ne5 19. Bxa6 Qb6 20. Bf1 Rfa8 21. Rxa7 Rxa7 22. Rxa7 Qxa7 23. h3 Qa1 24. Qc1 Qa5 25. Bd2 Qb4 26. f3 Nc4 27. Bxc4 Qxc4 28. Qf1 Qd4+ 29. Qf2 Qb4 30. Nd1 Qa4 31. Bc3 Nd7 32. Qd2 Ne5 33. Bxe5 Bxe5 34. c3 Qa1 35. Kf2 h5 36. h4 Qb1 37. g3 Bf6 38. Kg2 Be5 39. Nf2 Bf6 40. Qe2 Bg7 41. Nd1 Bf6 42. Ne3 Bg7 43. Nc4 Bf6 44. f4 Bg7 45. e5 Bf8 46. e6 f5 47. Kh2 Qc1 48. Kg2 Qb1 49. Nb6 Bg7 50. Nc8 Bf6 51. Kh2 Kf8 52. Nb6 Kg7 53. Nd7 Qc1 54. Kg2 Qb1 55. Qd2 Qe4+ 56. Kh2 Qb1 57. Nxf6 Kxf6 58. b4 cxb4 59. Qd4# 1-0

[Event "EU-Cup Online Gr-B"]
[Site "Tornelo INT"]
[Date "2021.03.27"]
[Round "4.2"]
[White "Admiraal, Miguoel"]
[Black "Wojtaszek, Radoslaw"]
[Result "0-1"]
[WhiteElo "2475"]
[BlackElo "2694"]
[PlyCount "61"]
[EventDate "2021.03.27"]
[EventType "team-tourn (rapid)"]
[EventRounds "9"]
[EventCountry "NET"]
[SourceTitle "CBM 201 Extra"]
[Source "ChessBase"]
[SourceDate "2021.05.31"]
[SourceVersion "1"]
[SourceVersionDate "2021.05.31"]
[SourceQuality "1"]
[WhiteTeam "Wachtebeke De Pluspion"]
[BlackTeam "Novy Bor"]
[WhiteTeamCountry "BEL"]
[BlackTeamCountry "CZE"]

1. d4 Nf6 2. Bg5 d5 3. e3 c5 4. Nd2 cxd4 5. exd4 Qb6 6. Nb3 Nc6 7. Bxf6 gxf6 8. Nf3 Rg8 9. a4 a6 10. a5 Qc7 11. g3 Bg4 12. Be2 0-0-0 13. 0-0 e5 14. Re1 h5 15. Nh4 Kb8 16. c3 e4 17. Nd2 Bh6 18. Nf1 Bh3 19. b4 f5 20. b5 Nxa5 21. bxa6 b6 22. Qa4 Ka7 23. Reb1 Bg5 24. Ng2 h4 25. f4 hxg3 26. fxg5 gxh2+ 27. Nxh2 Bxg2 28. Kxg2 Rxg5+ 29. Ng4 Rdg8 30. Kf2 Rxg4 31. Ke1 0-1

[Event "Cappelle Online Bullet op"]
[Site "Europe Echecs INT"]
[Date "2021.03.05"]
[Round "9"]
[White "Admiraal, Miguoel"]
[Black "Hauchard, Arnaud"]
[Result "1-0"]
[WhiteElo "2475"]
[BlackElo "2515"]
[PlyCount "73"]
[EventDate "2021.03.05"]
[EventType "swiss (blitz)"]
[EventRounds "15"]
[EventCountry "FRA"]
[SourceTitle "EXT 2022"]
[Source "ChessBase"]
[SourceDate "2021.10.06"]
[SourceVersion "1"]
[SourceVersionDate "2021.10.06"]
[SourceQuality "1"]

1. d4 g6 2. e4 Bg7 3. Nf3 d6 4. Bc4 e5 5. dxe5 Nc6 6. exd6 Nf6 7. dxc7 Qxc7 8. Nbd2 0-0 9. 0-0 Re8 10. Ng5 Ne5 11. Bb3 h6 12. Ngf3 Bg4 13. h3 Nxf3+ 14. Nxf3 Rad8 15. Qe2 Rxe4 16. Be3 Bf5 17. Rad1 Rde8 18. Qd2 g5 19. Nd4 Bg6 20. c3 Qe5 21. Bc2 Rh4 22. Bxg6 fxg6 23. Nf3 Qe4 24. Nxh4 Qxh4 25. Qd4 g4 26. Qf4 g5 27. Qg3 Qh5 28. hxg4 Nxg4 29. Bd4 Bf8 30. Rfe1 Rd8 31. f3 Rxd4 32. Rxd4 Nf6 33. Rd8 Kf7 34. Rxf8+ Kxf8 35. Qd6+ Kf7 36. Re7+ Kg6 37. Re6 1-0

[Event "Cappelle Online Bullet op"]
[Site "Europe Echecs INT"]
[Date "2021.03.05"]
[Round "3"]
[White "Admiraal, Miguoel"]
[Black "Hille, Willian Henrique"]
[Result "0-1"]
[WhiteElo "2475"]
[BlackElo "2018"]
[PlyCount "126"]
[EventDate "2021.03.05"]
[EventType "swiss (blitz)"]
[EventRounds "15"]
[EventCountry "FRA"]
[SourceTitle "EXT 2022"]
[Source "ChessBase"]
[SourceDate "2021.10.06"]
[SourceVersion "1"]
[SourceVersionDate "2021.10.06"]
[SourceQuality "1"]

1. d4 f5 2. Nc3 Nf6 3. Bg5 e6 4. e4 fxe4 5. Nxe4 Be7 6. Bxf6 Bxf6 7. c3 0-0 8. Bd3 b6 9. h4 Bb7 10. Qe2 Nc6 11. Nf3 Qe7 12. Neg5 h6 13. Qe4 Bxg5 14. Qh7+ Kf7 15. Qg6+ Kg8 16. hxg5 Rxf3 17. Qh7+ Kf8 18. Qh8+ Kf7 19. Qh7 Rxd3 20. Qxd3 Qxg5 21. g3 Ne5 22. dxe5 Bxh1 23. Qxd7+ Kg8 24. Qxe6+ Kh8 25. Qd7 Rd8 26. Qxc7 Qd2+ 27. Kf1 Bf3 28. Kg1 Qd1+ 29. Kh2 Qd2 30. Rf1 Re8 31. Qf7 Rxe5 32. Qxf3 Qd8 33. Rd1 Qe8 34. Qd3 Rh5+ 35. Kg2 Re5 36. Qf3 Re7 37. Rd4 Rf7 38. Rf4 Rxf4 39. Qxf4 Qg8 40. Qf3 Qb8 41. g4 Qg8 42. Kg3 g6 43. Qf4 Qg7 44. f3 Kh7 45. Qe4 h5 46. Qe3 h4+ 47. Kxh4 Qh6+ 48. Kg3 Qxe3 49. Kh4 Qd2 50. g5 Qd7 51. f4 Kg7 52. Kg3 Qf5 53. Kf3 Kf7 54. Ke3 Ke6 55. Kd4 Qd5+ 56. Ke3 Kf5 57. Kf2 Qe4 58. c4 Qxf4+ 59. Ke2 Qxg5 60. Kd3 Qf4 61. Kc3 Qe4 62. Kb4 Qe5 63. c5 Kf4 0-1

[Event "Cappelle Online Bullet op"]
[Site "Europe Echecs INT"]
[Date "2021.03.05"]
[Round "6"]
[White "Ioannidis, Evgenios"]
[Black "Admiraal, Miguoel"]
[Result "1/2-1/2"]
[WhiteElo "2411"]
[BlackElo "2475"]
[PlyCount "155"]
[EventDate "2021.03.05"]
[EventType "swiss (blitz)"]
[EventRounds "15"]
[EventCountry "FRA"]
[SourceTitle "EXT 2022"]
[Source "ChessBase"]
[SourceDate "2021.10.06"]
[SourceVersion "1"]
[SourceVersionDate "2021.10.06"]
[SourceQuality "1"]

1. d4 c6 2. c4 d5 3. Nc3 Nf6 4. cxd5 cxd5 5. Bf4 Nc6 6. e3 Bg4 7. Qb3 Na5 8. Qa4+ Bd7 9. Qc2 Rc8 10. Bd3 e6 11. Nf3 Nc4 12. 0-0 Be7 13. h3 0-0 14. Rfc1 a6 15. Qe2 b5 16. b3 Na3 17. Nd1 Qa5 18. Nb2 Bb4 19. Ne5 Bc3 20. Nxd7 Nxd7 21. e4 Nf6 22. e5 Ne4 23. f3 Nd2 24. Rxc3 Qxc3 25. Qxd2 Qxd2 26. Bxd2 Nc2 27. Rc1 Nxd4 28. Rxc8 Rxc8 29. Kf2 Nc2 30. Ke2 Nd4+ 31. Ke3 Nc6 32. Bc3 f6 33. exf6 e5 34. Bd2 gxf6 35. Bf5 Rc7 36. Nd3 d4+ 37. Ke4 Ne7 38. Bb4 Nxf5 39. Kxf5 Kg7 40. Ke4 Kg6 41. Nc5 a5 42. Ne6 Rc2 43. Bxa5 Rxa2 44. Bd8 Rxg2 45. Nc5 Re2+ 46. Kd3 Re3+ 47. Kd2 Rxf3 48. Ne4 Rxb3 49. Nxf6 Rxh3 50. Nd5 b4 51. Nxb4 Rf3 52. Nd5 Rf5 53. Kd3 h5 54. Ke4 Rf1 55. Bh4 Re1+ 56. Bxe1 Kg5 57. Kxe5 d3 58. Kd4 Kg4 59. Bd2 Kf3 60. Kxd3 h4 61. Nf4 h3 62. Nxh3 Kg2 63. Nf4+ Kg3 64. Ne2+ Kf3 65. Be3 Kg4 66. Ke4 Kh5 67. Nf4+ Kh4 68. Bd4 Kg4 69. Be5 Kg3 70. Nd5+ Kg4 71. Ne3+ Kh4 72. Bf4 Kh3 73. Nf5 Kg4 74. Ke5 Kh5 75. Ne3 Kh4 76. Ke4 Kh3 77. Kf5 Kh4 78. Ke4 1/2-1/2

[Event "Amsterdam Batavia Grolsch 12th"]
[Site "Amsterdam"]
[Date "2020.02.29"]
[Round "8"]
[White "Admiraal, Miguoel"]
[Black "Warakomski, Tomasz"]
[Result "0-1"]
[WhiteElo "2501"]
[BlackElo "2501"]
[PlyCount "90"]
[EventDate "2020.02.21"]
[EventType "tourn"]
[EventRounds "9"]
[EventCountry "NED"]
[EventCategory "9"]
[SourceTitle "CBM 195 Extra"]
[Source "ChessBase"]
[SourceDate "2020.05.31"]
[SourceVersion "1"]
[SourceVersionDate "2020.05.31"]
[SourceQuality "1"]

1. d4 d5 2. c4 c6 3. Nf3 Nf6 4. g3 dxc4 5. Bg2 Bg4 6. Na3 e6 7. Nxc4 Bb4+ 8. Bd2 Bxd2+ 9. Qxd2 Bxf3 10. Bxf3 Na6 11. 0-0 0-0 12. b4 Qe7 13. Rab1 Rac8 14. Rfc1 Rfd8 15. e3 Nd5 16. a3 Nac7 17. a4 Ne8 18. Na5 Nd6 19. Qb2 g6 20. b5 cxb5 21. axb5 Qd7 22. Bxd5 exd5 23. b6 a6 24. Nb3 Rxc1+ 25. Qxc1 Nc4 26. Nc5 Qc6 27. Nd3 Rd6 28. Nb4 Qc8 29. Nd3 Rxb6 30. Rxb6 Nxb6 31. Qc5 Qxc5 32. Nxc5 a5 33. Nxb7 a4 34. Nc5 a3 35. Kf1 a2 36. Nb3 f5 37. Ke2 Kg7 38. Kd3 Kf6 39. Kc3 Nc4 40. Na1 Kg5 41. Kb4 Kg4 42. Kc5 Kf3 43. Kxd5 Nd2 44. Ke5 Kxf2 45. Kf4 Nc4 0-1

[Event "Amsterdam Batavia Grolsch 12th"]
[Site "Amsterdam"]
[Date "2020.02.28"]
[Round "7"]
[White "Admiraal, Miguoel"]
[Black "Sukandar, Irine Kharisma"]
[Result "0-1"]
[WhiteElo "2501"]
[BlackElo "2408"]
[PlyCount "146"]
[EventDate "2020.02.21"]
[EventType "tourn"]
[EventRounds "9"]
[EventCountry "NED"]
[EventCategory "9"]
[SourceTitle "CBM 195 Extra"]
[Source "ChessBase"]
[SourceDate "2020.05.31"]
[SourceVersion "1"]
[SourceVersionDate "2020.05.31"]
[SourceQuality "1"]

1. e4 c5 2. Nc3 d6 3. Bc4 Nc6 4. Nf3 g6 5. 0-0 Bg7 6. h3 e6 7. d3 Nge7 8. a3 0-0 9. Ba2 h6 10. Be3 f5 11. Qd2 Kh7 12. exf5 gxf5 13. Rae1 Ng6 14. Qd1 f4 15. Bd2 d5 16. Na4 Qd6 17. c4 d4 18. b4 b6 19. Re4 e5 20. Qe2 cxb4 21. c5 Qf6 22. axb4 b5 23. Nb2 Bf5 24. Ra1 Rfd8 25. Bb3 a6 26. Ra2 Nge7 27. g4 Bxe4 28. dxe4 Ra7 29. Nd3 Ng6 30. Bd5 Rc8 31. Kg2 Nce7 32. Bb3 Nh4+ 33. Nxh4 Qxh4 34. Ne1 Qf6 35. Nf3 Rd8 36. Qd3 Ng6 37. Bd5 Qe7 38. Bb3 Bf6 39. Ra1 Nh4+ 40. Nxh4 Bxh4 41. f3 Bg3 42. Bd5 h5 43. Qb3 Kg7 44. Be6 hxg4 45. Bxg4 Qf7 46. Be6 Qg6 47. Bf5 Qf7 48. Be6 Qe7 49. Rg1 Kf6 50. Bg4 Qf7 51. Qxf7+ Kxf7 52. Rc1 Rc7 53. Ra1 Rc6 54. Ra3 Bh4 55. Kf1 Ke8 56. Ke2 Ra8 57. Kd3 a5 58. bxa5 Be7 59. Ra1 Bxc5 60. h4 Bf8 61. h5 b4 62. Bf5 b3 63. Bg6+ Ke7 64. Bh7 Kf7 65. Rg1 Ba3 66. Bg6+ Ke7 67. Bf5 b2 68. h6 Rc1 69. Rg7+ Kf8 70. Rb7 b1Q+ 71. Rxb1 Rxb1 72. Kc4 Rd1 73. h7 Kg7 0-1

[Event "Amsterdam Batavia Grolsch 12th"]
[Site "Amsterdam"]
[Date "2020.02.25"]
[Round "5"]
[White "Admiraal, Miguoel"]
[Black "Zwirs, Nico"]
[Result "0-1"]
[WhiteElo "2501"]
[BlackElo "2443"]
[PlyCount "88"]
[EventDate "2020.02.21"]
[EventType "tourn"]
[EventRounds "9"]
[EventCountry "NED"]
[EventCategory "9"]
[SourceTitle "CBM 195 Extra"]
[Source "ChessBase"]
[SourceDate "2020.05.31"]
[SourceVersion "1"]
[SourceVersionDate "2020.05.31"]
[SourceQuality "1"]

1. d4 d5 2. Nf3 Nf6 3. c3 g6 4. Bf4 Bg7 5. e3 0-0 6. Nbd2 b6 7. h3 Bb7 8. Bd3 c5 9. 0-0 Nc6 10. Qe2 Nd7 11. Rad1 Qc8 12. Bh2 Re8 13. e4 e6 14. Rfe1 a5 15. Bb5 Na7 16. exd5 Nxb5 17. dxe6 Nxc3 18. exf7+ Kxf7 19. Ng5+ Kg8 20. Qxe8+ Qxe8 21. Rxe8+ Rxe8 22. bxc3 cxd4 23. cxd4 Bd5 24. a3 Bf8 25. Nb1 Ba2 26. f3 Bxb1 27. Rxb1 Bxa3 28. Ne4 Rc8 29. Rb5 Kf7 30. Kf2 Rc2+ 31. Ke3 Rxg2 32. Bc7 Rb2 33. Rxb2 Bxb2 34. Nd6+ Ke6 35. Nc4 Bc1+ 36. Kd3 a4 37. Nxb6 Nxb6 38. Bxb6 Kd5 39. Kc3 a3 40. Kb3 Bb2 41. Bc5 h5 42. h4 Bc1 43. Bb6 g5 44. hxg5 Bxg5 0-1

[Event "Amsterdam Batavia Grolsch 12th"]
[Site "Amsterdam"]
[Date "2020.02.22"]
[Round "2"]
[White "Feuerstack, Aljoscha"]
[Black "Admiraal, Miguoel"]
[Result "0-1"]
[WhiteElo "2459"]
[BlackElo "2501"]
[PlyCount "78"]
[EventDate "2020.02.21"]
[EventType "tourn"]
[EventRounds "9"]
[EventCountry "NED"]
[EventCategory "9"]
[SourceTitle "CBM 195 Extra"]
[Source "ChessBase"]
[SourceDate "2020.05.31"]
[SourceVersion "1"]
[SourceVersionDate "2020.05.31"]
[SourceQuality "1"]

1. e4 g6 2. d4 Bg7 3. Nf3 e6 4. Bd3 d6 5. Bg5 Ne7 6. Qd2 h6 7. Be3 Nd7 8. Nc3 a6 9. 0-0 b6 10. Ne2 Bb7 11. Ng3 Nf6 12. h3 d5 13. e5 Ne4 14. Qe2 Nf5 15. Kh2 c5 16. c3 Qc7 17. Bxe4 dxe4 18. Nd2 cxd4 19. cxd4 Qc2 20. Nc4 Qxe2 21. Nxe2 b5 22. Na5 Bd5 23. Nf4 Kd7 24. Nxd5 exd5 25. g4 Nh4 26. f4 h5 27. Kg3 Nf3 28. Nb7 hxg4 29. hxg4 Rh2 30. Nc5+ Ke7 31. Rf2 Rh7 32. Rc1 Rah8 33. Rg2 Rh3+ 34. Kf2 Nh4 35. Rg3 Rh2+ 36. Kf1 Nf3 37. Nxa6 Rxb2 38. Rc7+ Kd8 39. Rxf7 Rh1+ 0-1

[Event "PRO League Stage"]
[Site "Chess.com INT"]
[Date "2020.02.17"]
[Round "7"]
[White "Admiraal, Miguoel"]
[Black "Neiksans, Arturs"]
[Result "0-1"]
[WhiteElo "2498"]
[BlackElo "2560"]
[PlyCount "118"]
[EventDate "2020.01.06"]
[EventType "team-swiss (rapid)"]
[EventRounds "7"]
[EventCountry "USA"]
[SourceTitle "CBM 194 Extra"]
[Source "ChessBase"]
[SourceDate "2020.03.31"]
[SourceVersion "1"]
[SourceVersionDate "2020.03.31"]
[SourceQuality "1"]
[WhiteTeam "Netherlands Mosquitoes"]
[BlackTeam "Sweden Wasabis"]
[WhiteTeamCountry "NED"]
[BlackTeamCountry "SWE"]

1. c3 Nf6 2. d4 d6 3. Bg5 Nbd7 4. Nd2 h6 5. Bh4 g5 6. Bg3 Nh5 7. e4 Nxg3 8. hxg3 Bg7 9. Bd3 c5 10. Ne2 a6 11. g4 cxd4 12. cxd4 Nf6 13. f3 h5 14. gxh5 Rxh5 15. Rxh5 Nxh5 16. Qb3 e6 17. 0-0-0 b5 18. Kb1 Nf4 19. Nxf4 gxf4 20. e5 dxe5 21. dxe5 Qd4 22. Be4 Ra7 23. Bc6+ Bd7 24. Ne4 Qxe5 25. Qb4 a5 26. Rxd7 Rxd7 27. Qd2 Qd4 28. Bxb5 Ke7 29. Bxd7 Qxd7 30. Qxd7+ Kxd7 31. Kc2 f5 32. Nc5+ Ke7 33. b3 Bd4 34. Nd3 e5 35. Nc1 Ke6 36. Ne2 Bf2 37. Kd3 Kd5 38. Nc3+ Kc5 39. a3 Be1 40. Ne2 Kd5 41. Nc1 e4+ 42. Ke2 Bc3 43. Na2 Bb2 44. b4 a4 45. b5 Kc5 46. Nb4 Kxb5 47. Nd5 Kc4 48. Nxf4 Bxa3 49. fxe4 fxe4 50. Nh3 Bb2 51. Kd2 a3 52. Kc2 Bd4 53. Ng5 a2 54. Nxe4 a1Q 55. Nd2+ Kd5 56. g4 Qc3+ 57. Kd1 Be3 58. Nf1 Qd3+ 59. Ke1 Ke4 0-1